| LEADER | 00550nam a2200157 4500 | ||
|---|---|---|---|
| 082 | |a 420 |b B300L | ||
| 100 | |a Bellow, Saul | ||
| 245 | |a The adventures of augie march |c Saul Bellow; Martn Amis Introduced | ||
| 260 | |a Anh |b David Campbell |c 1995 | ||
| 300 | |a 616 tr. |c 21 cm | ||
| 520 | |a v.v... | ||
| 653 | |a Ngôn ngữ | ||
| 653 | |a Tiếng Anh | ||
| 942 | |2 ddc |c SH | ||
| 999 | |c 2552 |d 2552 | ||
| 952 | |0 0 |1 0 |2 ddc |4 0 |6 420_000000000000000_B300L |7 0 |8 400 |9 31982 |a qbu |b qbu |c D4 |d 2014-12-14 |g 122000 |o 420 B300L |p 3634.c1 |r 0000-00-00 |w 2014-12-14 |y SH |0 0 |6 420_000000000000000_B300L | ||